[Event "Pardubice op rapid 30th"]
[Site "Pardubice"]
[Date "2019.07.19"]
[Round "7"]
[White "Fedotov, Konstantin"]
[Black "Potapov, Alexander1111"]
[Result "0-1"]
[WhiteElo "2020"]
[BlackElo "2409"]
[PlyCount "90"]
[EventDate "2019.07.17"]
[EventType "swiss (rapid)"]
[EventRounds "9"]
[EventCountry "CZE"]
[SourceTitle "CBM 191 Extra"]
[Source "ChessBase"]
[SourceDate "2019.09.30"]
[SourceVersion "1"]
[SourceVersionDate "2019.09.30"]
[SourceQuality "1"]

1. e4 e5 2. Bc4 Nc6 3. d3 Na5 4. Nd2 Nxc4 5. Nxc4 d6 6. h3 Be6 7. Ne3 g6 8. Ne2 Bg7 9. 0-0 Ne7 10. f4 exf4 11. Nxf4 0-0 12. c3 c5 13. Ng4 Qd7 14. Nxe6 Qxe6 15. Nh6+ Kh8 16. Qb3 Qxb3 17. axb3 f6 18. Be3 Nc6 19. b4 cxb4 20. d4 a6 21. Rae1 bxc3 22. bxc3 Rae8 23. Bc1 Na5 24. Ng4 Nc4 25. Rf3 f5 26. Nf2 fxe4 27. Rxe4 Rxe4 28. Nxe4 Rxf3 29. gxf3 a5 30. Nd2 Nxd2 31. Bxd2 d5 32. Kf1 Kg8 33. Ke2 a4 34. Bc1 Kf7 35. Kd3 b5 36. Kc2 Bf8 37. Bd2 Ke6 38. Bc1 Kf5 39. Bd2 Be7 40. Bc1 Bd6 41. Bh6 g5 42. Bg7 Kf4 43. Bh6 Be7 44. h4 Kxf3 45. hxg5 Kg4 0-1

[Event "Pardubice op rapid 30th"]
[Site "Pardubice"]
[Date "2019.07.17"]
[Round "3"]
[White "Fedotov, Konstantin"]
[Black "Svizensky, Lubos"]
[Result "1-0"]
[WhiteElo "2020"]
[BlackElo "1945"]
[PlyCount "53"]
[EventDate "2019.07.17"]
[EventType "swiss (rapid)"]
[EventRounds "9"]
[EventCountry "CZE"]
[SourceTitle "CBM 191 Extra"]
[Source "ChessBase"]
[SourceDate "2019.09.30"]
[SourceVersion "1"]
[SourceVersionDate "2019.09.30"]
[SourceQuality "1"]

1. e4 c6 2. Nc3 d5 3. d3 e5 4. g3 Bd6 5. exd5 Nf6 6. dxc6 Nxc6 7. Bg2 Bd7 8. h3 0-0 9. Nge2 Re8 10. 0-0 Rc8 11. f4 Bc5+ 12. Kh2 Bd6 13. f5 h6 14. Ne4 Be7 15. c3 Qc7 16. Be3 b6 17. Qd2 Rcd8 18. g4 Bc8 19. N2g3 Nxe4 20. Bxe4 f6 21. Nh5 Kh7 22. g5 hxg5 23. Bxg5 Qd6 24. Qg2 Bb7 25. Bxf6 Bxf6 26. Nxg7 Rg8 27. Qg6+ 1-0

[Event "Pardubice Czech op-B 29th"]
[Site "Pardubice"]
[Date "2018.07.28"]
[Round "9"]
[White "Fedotov, Konstantin"]
[Black "Gramb, Marius"]
[Result "1-0"]
[WhiteElo "2017"]
[BlackElo "2123"]
[PlyCount "165"]
[EventDate "2018.07.20"]
[EventType "swiss"]
[EventRounds "9"]
[EventCountry "CZE"]
[SourceTitle "CBM 186 Extra"]
[Source "ChessBase"]
[SourceDate "2018.08.24"]
[SourceVersion "1"]
[SourceVersionDate "2018.08.24"]
[SourceQuality "1"]

1. e4 c5 2. Nf3 d6 3. d4 cxd4 4. Nxd4 Nf6 5. Nc3 a6 6. Bg5 Nbd7 7. Qd2 h6 8. Bh4 b5 9. 0-0-0 Bb7 10. f3 g6 11. Bxf6 Nxf6 12. Ndxb5 axb5 13. Bxb5+ Nd7 14. e5 Bg7 15. exd6 e6 16. a4 0-0 17. Ne4 Bd5 18. Qb4 Rb8 19. Kb1 Bc6 20. c4 Qb6 21. Rhe1 Rb7 22. Re2 Ra8 23. Rc2 Qa7 24. Nc3 Bxb5 25. Nxb5 Qxa4 26. Qxa4 Rxa4 27. Rd3 Nc5 28. Ra3 Rxa3 29. Nxa3 Kf8 30. Nb5 Ke8 31. Ka2 Rb6 32. b4 Ra6+ 33. Na3 Nd3 34. Kb3 Rxd6 35. Nb5 Rc6 36. c5 Be5 37. Rd2 Nf4 38. g3 Nd5 39. f4 Bf6 40. Ra2 Nc7 41. Nd6+ Kf8 42. Kc4 Nd5 43. Ra8+ Ke7 44. Re8+ Kd7 45. Rf8 Rxd6 46. cxd6 Kxd6 47. Rxf7 Be7 48. Rh7 g5 49. b5 gxf4 50. gxf4 Bd8 51. Rxh6 Nxf4 52. h4 Nd5 53. h5 Ne3+ 54. Kd3 Ng4 55. Rh8 Bf6 56. Rc8 Kd7 57. Rc2 Bd8 58. Rg2 Nh6 59. Rg6 Nf7 60. Kc3 Ba5+ 61. Kb3 Nd6 62. Rg7+ Ke8 63. h6 Kf8 64. Rg3 Nxb5 65. h7 Bc3 66. Rxc3 Kg7 67. Rh3 Kh8 68. Kc4 Nd6+ 69. Kd4 Nf7 70. Rh5 Kg7 71. Kc5 Kh8 72. Kc6 Kg7 73. Kd7 e5 74. Ke7 e4 75. Rh4 Nh8 76. Rg4+ Kxh7 77. Kf6 e3 78. Rh4+ Kg8 79. Re4 Kh7 80. Rxe3 Kg8 81. Re7 Kf8 82. Ra7 Kg8 83. Rb7 1-0

[Event "Pardubice op rapid 29th"]
[Site "Pardubice"]
[Date "2018.07.19"]
[Round "6"]
[White "Fedotov, Konstantin"]
[Black "Harshini, A."]
[Result "1-0"]
[WhiteElo "2017"]
[BlackElo "2037"]
[PlyCount "81"]
[EventDate "2018.07.18"]
[EventType "swiss (rapid)"]
[EventRounds "9"]
[EventCountry "CZE"]
[SourceTitle "CBM 185 Extra"]
[Source "ChessBase"]
[SourceDate "2018.07.29"]
[SourceVersion "1"]
[SourceVersionDate "2018.07.29"]
[SourceQuality "1"]

1. e4 e5 2. Bc4 Nf6 3. d4 d6 4. dxe5 dxe5 5. Bxf7+ Ke7 6. Qxd8+ Kxd8 7. f3 Nc6 8. Be3 Bd6 9. Nc3 Rf8 10. Bb3 a6 11. a3 Na5 12. Ba2 b5 13. 0-0-0 Bd7 14. Rxd6 cxd6 15. Bb6+ Ke7 16. Bxa5 g5 17. h3 h5 18. Nge2 h4 19. Rd1 Bc6 20. Nd5+ Nxd5 21. Bxd5 Bxd5 22. Rxd5 Rf6 23. Nc3 Rc8 24. Rd3 Ke6 25. Nd5 Rf7 26. Bd2 Rg7 27. Nb4 Ra8 28. Rc3 Kd7 29. Nd5 Ra7 30. Be3 Rb7 31. b4 Rg6 32. Nb6+ Ke6 33. Rc6 Rg8 34. Nd5 Ra8 35. Bc5 Rd8 36. Rxa6 Rbd7 37. Be3 Rg8 38. Rb6 Ra7 39. Kb2 Rga8 40. Rxb5 Rxa3 41. Nc7+ 1-0

[Event "Minsk Kupreichik Memorial op"]
[Site "Minsk"]
[Date "2018.06.23"]
[Round "10"]
[White "Cherepov, Alexej"]
[Black "Fedotov, Konstantin"]
[Result "1-0"]
[WhiteElo "2175"]
[BlackElo "2017"]
[PlyCount "120"]
[EventDate "2018.06.21"]
[EventType "swiss (rapid)"]
[EventRounds "11"]
[EventCountry "BLR"]
[SourceTitle "CBM 185 Extra"]
[Source "ChessBase"]
[SourceDate "2018.07.29"]
[SourceVersion "1"]
[SourceVersionDate "2018.07.29"]
[SourceQuality "1"]

1. d4 Nf6 2. c4 c5 3. Nf3 e6 4. d5 exd5 5. cxd5 d6 6. Nc3 g6 7. Bf4 Bg7 8. Qa4+ Bd7 9. Qb3 Bc8 10. Qa4+ Bd7 11. Qb3 Bc8 12. e3 0-0 13. h3 a6 14. a4 Qc7 15. Be2 Nbd7 16. 0-0 Rb8 17. Rfd1 Re8 18. Qc2 Nf8 19. Nd2 N6d7 20. Bf1 Ne5 21. Bh2 f5 22. Re1 Bd7 23. a5 b5 24. axb6 Rxb6 25. Bxa6 Reb8 26. Ra2 Rb4 27. Bf1 Qb7 28. b3 g5 29. Rea1 Nfg6 30. Ra7 Qc8 31. R1a6 Bf8 32. Na2 R4b7 33. f4 gxf4 34. exf4 Nf7 35. Nc1 Ne7 36. Bc4 Bb5 37. Bxb5 Rxb5 38. Qd3 R8b7 39. Bg3 Qd7 40. Ra8 Nc8 41. Ra2 Nb6 42. R8a6 Rb4 43. Nc4 Nxc4 44. bxc4 Bg7 45. Ne2 Rb3 46. Qc2 Qe8 47. Qxf5 Nd8 48. Kh2 Rb2 49. Ng1 Rf7 50. Qd3 Re7 51. Rxb2 Bxb2 52. Ra8 Bf6 53. Qf5 Kg7 54. Qg4+ Kf8 55. Bh4 Rf7 56. Nf3 h6 57. Qh5 Qe7 58. Qxh6+ Ke8 59. Ng5 Bg7 60. Qg6 Kd7 1-0

[Event "Minsk Kupreichik Memorial op"]
[Site "Minsk"]
[Date "2018.06.22"]
[Round "7"]
[White "Fedotov, Konstantin"]
[Black "Tsvetkova, Vladislava"]
[Result "1-0"]
[WhiteElo "2017"]
[BlackElo "1702"]
[PlyCount "34"]
[EventDate "2018.06.21"]
[EventType "swiss (rapid)"]
[EventRounds "11"]
[EventCountry "BLR"]
[SourceTitle "CBM 185 Extra"]
[Source "ChessBase"]
[SourceDate "2018.07.29"]
[SourceVersion "1"]
[SourceVersionDate "2018.07.29"]
[SourceQuality "1"]

1. e4 c6 2. d4 d5 3. Nd2 dxe4 4. Nxe4 Nf6 5. Ng3 Qc7 6. c4 Bg4 7. Qb3 Nbd7 8. h3 Be6 9. Bd3 0-0-0 10. N1e2 g6 11. a4 h5 12. a5 h4 13. Bf4 Ne5 14. Bxe5 Qd7 15. Nf1 c5 16. d5 Bf5 17. Qa3 e6 1-0

[Event "EU-ch blitz"]
[Site "Katowice"]
[Date "2017.12.15"]
[Round "4"]
[White "Fedotov, Konstantin"]
[Black "Shkapenko, Pavel"]
[Result "1/2-1/2"]
[WhiteElo "2017"]
[BlackElo "2431"]
[PlyCount "64"]
[EventDate "2017.12.15"]
[EventType "swiss (blitz)"]
[EventRounds "22"]
[EventCountry "POL"]
[SourceTitle "CBM 182 Extra"]
[Source "ChessBase"]
[SourceDate "2018.02.23"]
[SourceVersion "1"]
[SourceVersionDate "2018.02.23"]
[SourceQuality "1"]

1. e4 c5 2. Nc3 a6 3. f4 b5 4. Nf3 Bb7 5. d3 e6 6. g4 d5 7. e5 h5 8. g5 Ne7 9. Nh4 b4 10. Ne2 d4 11. Bg2 Bxg2 12. Nxg2 Nf5 13. Ng3 Qd5 14. 0-0 g6 15. Ne4 Be7 16. a3 Nc6 17. axb4 cxb4 18. c3 dxc3 19. bxc3 bxc3 20. Ba3 Qd4+ 21. Rf2 0-0 22. Bxe7 Ncxe7 23. Ra4 Qb6 24. Nf6+ Kg7 25. Nd7 Qa7 26. Nxf8 Rxf8 27. Rc4 Nd5 28. Qb3 Rb8 29. Qd1 Nde3 30. Nxe3 Nxe3 31. Qc1 Nxc4 32. dxc4 Rb2 1/2-1/2

[Event "Chigorin Memorial 17th"]
[Site "St Petersburg"]
[Date "2009.10.19"]
[Round "4"]
[White "Fedotov, Konstantin"]
[Black "Solovyov, Viktor"]
[Result "1-0"]
[WhiteElo "1891"]
[BlackElo "2204"]
[PlyCount "85"]
[EventDate "2009.10.16"]
[EventType "swiss"]
[EventRounds "9"]
[EventCountry "RUS"]
[SourceTitle "CBM 132 Extra"]
[Source "ChessBase"]
[SourceDate "2009.11.03"]
[SourceVersion "1"]
[SourceVersionDate "2009.11.03"]
[SourceQuality "1"]

1. e4 e5 2. Nf3 Nc6 3. Bb5 Nf6 4. 0-0 Nxe4 5. Re1 Nd6 6. Bxc6 dxc6 7. Nxe5 Be7 8. d4 0-0 9. h3 Nf5 10. c3 Be6 11. Bf4 c5 12. dxc5 Bxc5 13. Nd2 Be7 14. Qc2 Qd5 15. Nef3 Qc6 16. Re5 Nh4 17. Nxh4 Bxh4 18. Rh5 Bxf2+ 19. Kxf2 f5 20. Nf3 g6 21. Rg5 Qe4 22. Qc1 Rfe8 23. Rg3 Bc4 24. Kg1 c5 25. Bh6 Rad8 26. Qg5 Qc6 27. Ne5 Qd5 28. Nxg6 Kf7 29. Nf4 Qe5 30. Qg7+ Qxg7 31. Rxg7+ Kf6 32. Rxb7 Rd2 33. h4 Rg8 34. Nh5+ Kg6 35. Bxd2 Kxh5 36. Rxh7+ Kg4 37. b3 Bd5 38. c4 Be4 39. Rf1 Kg3 40. Bf4+ Kg4 41. Be5 Re8 42. Rf4+ Kg3 43. Rg7# 1-0

[Event "Chigorin Memorial 17th"]
[Site "St Petersburg"]
[Date "2009.10.16"]
[Round "1"]
[White "Fedotov, Konstantin"]
[Black "Ivanov, Sergey1111"]
[Result "0-1"]
[WhiteElo "1891"]
[BlackElo "2530"]
[PlyCount "114"]
[EventDate "2009.10.16"]
[EventType "swiss"]
[EventRounds "9"]
[EventCountry "RUS"]
[SourceTitle "CBM 132 Extra"]
[Source "ChessBase"]
[SourceDate "2009.11.03"]
[SourceVersion "1"]
[SourceVersionDate "2009.11.03"]
[SourceQuality "1"]

1. e4 c5 2. Nc3 Nc6 3. g3 g6 4. Bg2 Bg7 5. d3 e6 6. f4 Nge7 7. Nf3 d6 8. 0-0 0-0 9. Ne2 Nd4 10. c3 Nxf3+ 11. Bxf3 d5 12. Be3 d4 13. Bf2 e5 14. cxd4 cxd4 15. g4 exf4 16. Nxf4 Nc6 17. Bg3 Ne5 18. Be2 Bd7 19. Rc1 Bc6 20. Qb3 Kh8 21. Rf2 Qe7 22. Rcf1 Rad8 23. h4 h6 24. Nh3 Kg8 25. g5 a5 26. a3 a4 27. Qb4 Qxb4 28. axb4 h5 29. Nf4 Rfe8 30. b5 Bxb5 31. Nd5 Bc6 32. Nf6+ Bxf6 33. Rxf6 Rd7 34. Rc1 Bb5 35. Rc5 Bxd3 36. Rxe5 Rxe5 37. Bxe5 Bxe2 38. Rd6 Rxd6 39. Bxd6 f6 40. gxf6 Kf7 41. e5 Bc4 42. Kf2 Ke6 43. Kf3 Kf5 44. Bc7 b5 45. Bd6 d3 46. Ke3 g5 47. hxg5 h4 48. Bb4 Kxg5 49. f7 Bxf7 50. Kf2 Kf4 51. Be7 h3 52. e6 Bxe6 53. Bd6+ Ke4 54. Bb4 Kd4 55. Bc3+ Kc4 56. Be5 Kb3 57. Ke3 Kc2 0-1